00274nam a2200109Ia 4500008004100000100002300041245003400064250000900098260003100107300000800138650001800146191201s2004 xx 000 0 und d aBENNETT, Ian (Ed.) 0aRugs and Carpets of The World a1st. a-bGreenwich Editionc2004 a352 aGeneral Books